LEADER 00854nam0-2200301---450- 001 990008167240403321 005 20050720114505.0 035 $a000816724 035 $aFED01000816724 035 $a(Aleph)000816724FED01 035 $a000816724 100 $a20050720d1906----km-y0itaa50------ba 101 0 $aita 102 $aIT 105 $a--------001yy 200 1 $a<>cortegiano$fdel conte Baldesar Castiglione$gannotato e illustrato da Vittorio Cian 210 $aFirenze$cSansoni$d1906 215 $aXXVI, 442 p.$d20 cm 676 $a853.3 700 1$aCastiglione,$bBaldassarre$f<1478-1529>$0293236 702 1$aCian,$bVittorio$f<1862-1951> 801 0$aIT$bUNINA$c20050720$gRICA$2UNIMARC 901 $aBK 912 $a990008167240403321 952 $aF.Russo 761$fBAT 959 $aBAT 996 $aCortegiano$950856 997 $aUNINA LEADER 00826nam0-22003011i-450- 001 990001782280403321 005 20040223110808.0 035 $a000178228 035 $aFED01000178228 035 $a(Aleph)000178228FED01 035 $a000178228 100 $a20030910d1989----km-y0itay50------ba 101 0 $aita 200 1 $a<>organizzazione della cellula$fa cura di Vera Bianchi, Lucia Celotti 210 $aMilano$cLe Scienze$d1989 215 $a95 p.$d29 cm 225 1 $a<>scienze$iQuaderni$v50 610 0 $aCellule 676 $a574.876 702 1$aBianchi,$bVera 702 1$aCelotti,$bLucia 801 0$aIT$bUNINA$gRICA$2UNIMARC 901 $aBK 912 $a990001782280403321 952 $a60 500 B 23/50$fFAGBC 959 $aFAGBC 996 $aOrganizzazione della cellula$9167911 997 $aUNINA